Využitie molekulovej spektrometrie v analýze kozmetických prípravkov

Gespeichert in:
Bibliographische Detailangaben
1. Verfasser: Suchánková, Katarína (Verfasst von)
Weitere Verfasser: Sádecká, Jana (Betreuung Doktorarbeit)
Format: Manuskript Buch
Sprache:Slowakisch
Veröffentlicht: 2022
Schlagworte:
Online-Zugang:http://is.stuba.sk/zp/portal_zp.pl?podrobnosti=151674
Tags: Tag hinzufügen
Keine Tags, Fügen Sie das erste Tag hinzu!

MARC

LEADER 00000ntm a22000003a 4500
001 stuzp84670
003 SK-STU
005 20220625210339.1
007 ta
008 150427s2015----xo-----f-mn---000-0-slo-d
040 |a STU  |b slo 
041 0 |a slo 
100 1 |a Suchánková, Katarína  |u 041000  |4 aut  |U FCHPT Fakulta chemickej a potravinárskej technológie  |T FCHPT Ústav analytickej chémie  |X 99083  |U C1000  |Y 99  |7 99083 
242 0 1 |a Application of Molecular Spectrometry in Cosmetic Product Analysis  |y eng 
245 1 0 |a Využitie molekulovej spektrometrie v analýze kozmetických prípravkov 
260 |c 2022 
650 4 |a fluorescencia  |2 slo 
650 4 |a 7-metoxykumarín  |2 slo 
650 4 |a 7-hydroxykumarín  |2 slo 
650 4 |a kozmetika  |2 slo 
650 4 |a fluorescence  |2 eng 
650 4 |a cosmetics  |2 eng 
650 4 |a 7-methoxycoumarin  |2 eng 
650 4 |a 7-hydroxycoumarin  |2 eng 
700 1 |a Sádecká, Jana  |u 041000  |k Z1  |4 ths  |U FCHPT Fakulta chemickej a potravinárskej technológie  |T FCHPT Ústav analytickej chémie  |X 3383  |U C1000  |Y 99  |7 3383 
856 4 |u http://is.stuba.sk/zp/portal_zp.pl?podrobnosti=151674